Spatial planning: principles, practices and cultures (Record no. 117281)

MARC details
000 -LEADER
fixed length control field 01584cam a2200265 4500
001 - CONTROL NUMBER
control field ABS67759
008 - FIXED-LENGTH DATA ELEMENTS--GENERAL INFORMATION
fixed length control field 040505n2004 000 0 eng u
035 ## - SYSTEM CONTROL NUMBER
System control number (Sirsi) u126084
100 ## - MAIN ENTRY--PERSONAL NAME
Personal name Tewdwr-Jones, M.
245 ## - TITLE STATEMENT
Title Spatial planning: principles, practices and cultures
260 ## - PUBLICATION, DISTRIBUTION, ETC.
Date of publication, distribution, etc. 2004
490 ## - SERIES STATEMENT
Series statement Journal of Planning and Environment Law
Volume/sequential designation May 2004, 560-567(8)
520 ## - SUMMARY, ETC.
Summary, etc. Attempts to pin down the meaning of spatial planning in the context of current UK planning practice and the Planning and Compulsory Purchase Bill. Describes the emergence of the concept from the European Spatial Development Perspective of 1999 onwards and outlines the principles of spatial planning. Examines how spatial planning can only be achieved through partnership, integration and co-ordination and why new frameworks need to be formed that assess the relation of all attributes of an area to its sustainable development. Spatial planning is seen as positive planning and a stimulant for cultural change in planning. Concludes that spatial planning is a means by which planning can be at the centre of debate about places, and changes to places, rather than a sidelined regulatory activity.
590 ## - LOCAL NOTE (RLIN)
Local note ABS
590 ## - LOCAL NOTE (RLIN)
Local note ABS
650 ## - SUBJECT ADDED ENTRY--TOPICAL TERM
Topical term or geographic name entry element REGIONAL SPATIAL STRATEGIES
650 ## - SUBJECT ADDED ENTRY--TOPICAL TERM
Topical term or geographic name entry element LOCAL DEVELOPMENT DOCUMENTS
650 ## - SUBJECT ADDED ENTRY--TOPICAL TERM
Topical term or geographic name entry element EUROPEAN SPATIAL DEVELOPMENT PERSPECTIVE
650 ## - SUBJECT ADDED ENTRY--TOPICAL TERM
Topical term or geographic name entry element LOCAL GOVERNMENT ACT 2000
650 ## - SUBJECT ADDED ENTRY--TOPICAL TERM
Topical term or geographic name entry element COMMUNITY STRATEGY
650 ## - SUBJECT ADDED ENTRY--TOPICAL TERM
Topical term or geographic name entry element SPATIAL PLANNING
650 ## - SUBJECT ADDED ENTRY--TOPICAL TERM
Topical term or geographic name entry element PLANNING AND COMPULSORY PURCHASE ACT 2004
690 ## - LOCAL SUBJECT ADDED ENTRY--TOPICAL TERM (OCLC, RLIN)
Topical term or geographic name as entry element PLANNING-PRACTICE
942 ## - ADDED ENTRY ELEMENTS (KOHA)
Suppress in OPAC 0
Holdings
Withdrawn status Lost status Source of classification or shelving scheme Damaged status Not for loan Home library Current library Shelving location Date acquired Total Checkouts Full call number Barcode Date last seen Copy number Price effective from Koha item type
    Dewey Decimal Classification     London London Journal article 05/05/2004   ABS67759 126084-1001 06/08/2019 1 06/08/2019 Journal article